| 000 | 01103nam0a22002651 4500 | ||
|---|---|---|---|
| 001 | rc\4847860 | ||
| 005 | 20260408063358.0 | ||
| 021 |
_aRU _bРг2395-68 |
||
| 035 | _a(NLR Aleph) 008813163 | ||
| 090 |
_a8174572 _c8174572 |
||
| 100 | _a20130426d1968 |||y0rusy50 ca | ||
| 101 | 0 | _arus | |
| 102 | _aRU | ||
| 105 | _aa b ||||| | ||
| 200 | 1 |
_aТиристоры ВКДУ _e[Каталог] _f[Изготовитель: з-д "Электровыпрямитель" (г. Саранск)] |
|
| 210 |
_aМосква _cБ. и. _d[1968] |
||
| 215 |
_a16 с. _cил. _d29 |
||
| 225 | 1 |
_aОтделение ВНИИЭМ по научно-технической информации, стандартизации и нормализации в электротехнике. Информстандартэлектро _v05.03.40-68 |
|
| 300 | _aВзамен 05.03.12-67 | ||
| 712 | 0 | 2 |
_a"Электровыпрямитель", завод _cСаранск _9566666 _3RU\NLR\AUTH\8810034102 |
| 801 | 0 |
_aRU _bNLR _gpsbo |
|
| 801 | 1 |
_aRU _bELAR _2rusmarc |
|
| 852 |
_aNLR _jПт 20/1-05.03.40-68 |
||
| 942 | _cBOOK | ||
| 980 | _aNB | ||